• 首页
  • 本馆介绍
  • 公告通知
  • 最新文献
  • 馆藏检索
  • 电子资源
  • 读者荐购
  • 参考咨询
  • CALIS
  • 我的图书馆
  • 登录
  • 详细信息显示
  • 放入我的书架
  • 预约/预借图书
  • 作者相关作品
  • 分类相关作品
  • 丛书相关作品
  • 出版社相关作品

书目信息

  • 表格格式
  • 工作单格式
  • 卡片格式
题名:
恢复性城市
    
 
作者: 罗 , 麦凯 著 ;田歌川 译
分册:  
出版信息: 西安   陕西人民出版社  2025.07
页数: 301页
开本: 23cm
丛书名:
单 册:
中图分类: TU984
科图分类:
主题词: 城市规划--cheng shi gui hua--研究
电子资源:
ISBN: 978-7-224-15499-3
 
 
 
 
 
000 01718nam0 2200301 450
001 95366
005 20250902093119.39
010    @a978-7-224-15499-3@dCNY79.00
100    @a20250718d2025 em y0chiy50 ea
101 1  @achi@ceng
102    @aCN@b610000
105    @aa a 001yy
106    @ar
200 1  @a恢复性城市@Ahui fu xing cheng shi@e促进心理健康和福祉的城市设计@f(美) 珍妮·罗, 蕾拉·麦凯著@d= Restorative cities@eurban design for mental health and wellbeing@fJenny Roe, Layla McCay@g田歌川译@zeng
210    @a西安@c陕西人民出版社@d2025.07
215    @a301页@c图@d23cm
314    @a珍妮·罗, 弗吉尼亚大学建筑学院设计与健康中心教授, 为世界卫生组织和《柳叶刀》等知名杂志撰写了数十篇文章。蕾拉·麦凯伦, 敦城市设计和心理健康中心主任, 毕业于英国格拉斯哥大学, 曾任职于世界卫生组织, 并任教于乔治敦大学、约翰斯?霍普金斯大学等知名大学。田歌川, 西安建筑科技大学建筑学博士、陕西省城市更新研究中心研究员。
320    @a有书目 (第238-270页) 和索引
330    @a本书探讨了如何通过城市规划和设计, 促进人类心理健康与福祉。书中提出了“恢复性城市”的几大支柱, 包括绿色城市、蓝色城市、感官城市、睦邻城市、活力城市、可玩城市和包容性城市等, 并结合科学研究与实际案例, 揭示了恢复性城市在减轻心理压力、改善情绪、提升生活质量和社会连结度等方面的关键作用。
500 10 @aRestorative cities : urban design for mental health and wellbeing@mChinese
517 1  @a促进心理健康和福祉的城市设计@Acu jin xin li jian kang he fu zhi de cheng shi she ji
606 0  @a城市规划@Acheng shi gui hua@x研究
690    @aTU984@v5
701  1 @a罗@Aluo@g(Roe, Jenny)@4著
701  1 @a麦凯@Amai kai@g(McCay, Layla)@4著
702  0 @a田歌川@Atian ge chuan@4译
801  0 @aCN@c20250909
905    @a河南城建学院图书馆@dTU984@eL930-2@f1
    
    恢复性城市:促进心理健康和福祉的城市设计/(美) 珍妮·罗, 蕾拉·麦凯著= Restorative cities:urban design for mental health and wellbeing/Jenny Roe, Layla McCay/田歌川译.-西安:陕西人民出版社,2025.07
    301页:图;23cm
    
    
    ISBN 978-7-224-15499-3:CNY79.00
    本书探讨了如何通过城市规划和设计, 促进人类心理健康与福祉。书中提出了“恢复性城市”的几大支柱, 包括绿色城市、蓝色城市、感官城市、睦邻城市、活力城市、可玩城市和包容性城市等, 并结合科学研究与实际案例, 揭示了恢复性城市在减轻心理压力、改善情绪、提升生活质量和社会连结度等方面的关键作用。
●
相关链接 在E读中查询图书 在当当中查询图书 在豆瓣中查询图书


正题名:恢复性城市     索取号:TU984/L930-2         预约/预借

序号 登录号 条形码 馆藏地/架位号 状态 备注
1 1629424   216294249   建筑库201/201建筑库 60排4列3层/ [索取号:TU984/L930-2] 在馆    
河南城建学院图书馆 欢迎您!
大连网信软件有限公司© 版权所有